| Tag |
First Indicator |
Second Indicator |
Subfields |
| LEADER |
00000cam a2200000 a 4500 |
| 001 |
in00000034443 |
| 005 |
20151007060722.0 |
| 008 |
870211s1987 ncua b 00110deng |
| 010 |
|
|
|a 85043595
|
| 020 |
|
|
|a 0899502261 (lib. bdg. : alk. paper) :
|c $18.95
|
| 035 |
|
|
|a (OCoLC)15252276
|
| 035 |
|
|
|9 AAC1571AM
|
| 040 |
|
|
|a DLC
|c DLC
|d TXA
|d UtOrBLW
|
| 043 |
|
|
|a n-us---
|
| 049 |
|
|
|a TXAM
|c [A11527290]
|
| 050 |
0 |
0 |
|a PN2285
|b .U57 1987
|
| 082 |
0 |
|
|a 792.7/028/088042
|2 19
|
| 100 |
1 |
|
|a Unterbrink, Mary,
|d 1937-
|
| 245 |
1 |
0 |
|a Funny women :
|b American comediennes, 1860-1985 /
|c by Mary Unterbrink.
|
| 264 |
|
1 |
|a Jefferson, N.C. :
|b McFarland,
|c [1987]
|
| 264 |
|
4 |
|c ©1987
|
| 300 |
|
|
|a xvi, 267 pages :
|b illustrations ;
|c 24 cm.
|
| 336 |
|
|
|a text
|b txt
|2 rdacontent
|
| 337 |
|
|
|a unmediated
|b n
|2 rdamedia
|
| 338 |
|
|
|a volume
|b nc
|2 rdacarrier
|
| 504 |
|
|
|a Bibliography: pages 229-243.
|
| 500 |
|
|
|a Includes index.
|
| 650 |
|
0 |
|a Women comedians
|z United States
|v Biography.
|
| 650 |
|
0 |
|a American wit and humor
|x History and criticism.
|
| 999 |
|
|
|a MARS
|
| 999 |
f |
f |
|s 69e6d4b3-fe25-32bc-8a8b-5bb5d4d20391
|i cfaa5ca8-d4c4-3c3a-a52e-e862afa03a95
|t 0
|
| 952 |
f |
f |
|p ric
|a Texas A&M University
|b Rellis Campus
|c Joint Library Facility
|d Remote Storage
|t 0
|e PN2285 .U57 1987
|h Library of Congress classification
|i unmediated -- volume
|m A14811527290
|
| 998 |
f |
f |
|a PN2285 .U57 1987
|t 0
|l Remote Storage
|